| 000 | 01118nam2a22002291 4500 | ||
|---|---|---|---|
| 001 | rc\1091780 | ||
| 005 | 20250622191846.0 | ||
| 035 | _a(NLR Aleph) 006376927 | ||
| 090 |
_a5049171 _c5049171 |
||
| 100 | _a20041126d1984 |||y0rusy50 ca | ||
| 101 | 0 | _arus | |
| 102 | _aRU | ||
| 105 | _ay ||||||||| | ||
| 200 | 0 | _aЧ. 1 | |
| 210 |
_d1984 _aБ. м. |
||
| 215 | _a104 с. | ||
| 461 | 0 |
_1001rc\1091779 _12001#$aПособие по русскому языку для студентов азербайджанских групп АзИНХ им. Д. Буниатзаде$f[Сост. Абдул-заде Н.Г., Алиева Л.И., Климова А.Н. и др.]$gПод ред. Климовой А.Н.$vЧ. 1 _95049165 _cБаку _d1984- _f[Сост. Абдул-заде Н.Г., Алиева Л.И., Климова А.Н. и др.] _nАзИНХ _tПособие по русскому языку для студентов азербайджанских групп АзИНХ им. Д. Буниатзаде _vЧ. 1 |
|
| 801 | 0 |
_aRU _bNLR _gpsbo |
|
| 801 | 1 |
_aRU _bELAR _2rusmarc |
|
| 852 |
_aNLR _j85-3/1044 |
||
| 942 | _cBOOK | ||
| 980 | _aNB | ||